Fr. Conceicao Rodrigues College of Engineering

Power Plant Engineers Guide (Record no. 24026)

MARC details
000 -LEADER
fixed length control field 00310nam a2200145Ia 4500
082 ## - DEWEY DECIMAL CLASSIFICATION NUMBER
Classification number 621.3
Item number GRA
100 ## - MAIN ENTRY--PERSONAL NAME
Personal name Graham/Frank D
245 ## - TITLE STATEMENT
Title Power Plant Engineers Guide
260 ## - PUBLICATION, DISTRIBUTION, ETC.
Name of publisher, distributor, etc. Audels
Place of publication, distribution, etc. Newyork
Date of publication, distribution, etc. 1948
300 ## - PHYSICAL DESCRIPTION
Extent 1474
546 ## - LANGUAGE NOTE
Language note ENGLISH
654 ## - SUBJECT ADDED ENTRY--FACETED TOPICAL TERMS
Focus term Engineers Guide
942 ## - ADDED ENTRY ELEMENTS (KOHA)
Koha item type BOOK
Holdings
Withdrawn status Lost status Damaged status Not for loan Collection Home library Current library Date acquired Total Checkouts Full call number Barcode Date last seen Price effective from Koha item type
        AFT Fr. Agnel's C.Rodrigues College of Engineering Fr. Agnel's C.Rodrigues College of Engineering 17/03/2023   621.3 GRA AFT1252 17/03/2023 17/03/2023 BOOK